000 00849nam a2200205Ii 4500
003 JO-AjNU
008 230605s9999||||xx |||||||||||||| ||und||
040 _aJO-AjNU
_bara
_erda
_cJO-AjNU
041 _aara
050 1 4 _aLB17 .T3 1989
100 3 _aشفشق، محمود عبد الرزاق /طه،حسن جميل م.مشارك/دنيا،محمود طنطاوي م.مشارك/جاد الله،نجوى طارق م.مشارك,
_eauthor
_935008
245 0 0 _aالتربية المعاصرة : طبيعتها و ابعادها الأساسية
250 _aط4
264 3 1 _aالكويت:دار القلم للنشر والتوزيع،1989
300 _a287ص
336 _atext
_btxt
_2rdacontent
337 _aunmediated
_bn
_2rdamedia
338 _avolume
_bnc
_2rdacarrier
650 4 _aالتربية و التعليم -- فلسفة
_935009
999 _aA14410
_c17978
_d17978